00744nam a2200181 4500008004100000020001800041082001500059110003400074245014900108260005100257300001400308650004100322700003300363856004900396942000700445952009500452999001500547240503b |||||||| |||| 00| 0 eng d a9789551489069 a303.6bSOU aSouth Asians for Human Rights aIDPs in Sri Lanka:breport of the fact finding mission to the North and East of Sri Lanka to assess the state of displaced persons - August 2007 aColombo:bSouth Asians for Human Rights,c2007 ax., 72 p. aINTERNAL DISPLACED PERSONS-Sri Lanka aSatkunanathan, Ambikaecomp. uhttps://sangam.org/2007/08/SAHR.pdf?uid=2512 cRP 00102ddc4070aMAINbMAINd2024-05-03l0o303.6 SOUpRAF5242r2024-05-03w2024-05-03yRP c4885d4885